Statistics for Countries which have gone in quarter-finals of the Rugby World Cup.

Click here to take the quiz!

General Stats

  • This quiz has been taken 56 times
    (41 since last reset)
  • The average score is 12 of 13

Answer Stats

Number of timeCountry% Correct
9Australia
100%
9France
96%
9New Zealand
96%
7Scotland
96%
7South Africa
96%
6Wales
96%
2Fiji
92%
7Ireland
92%
8England
88%
4Argentina
85%
2Samoa
85%
1Japan
73%
1Canada
62%

Score Distribution

Percentile by Number Answered

Percent of People with Each Score

Your Score History

You have not taken this quiz since the last reset